|
|
|
|
| LEADER |
00577cam a2200181ua 4500 |
| 020 |
|
|
|a 019567497-9
|
| 082 |
|
|
|a 954.03
|b BEY
|
| 245 |
1 |
0 |
|a Beyond representation: colonial and postcolonial constructions of Indian identity
|
| 260 |
|
|
|a New Delhi
|b OUP
|c 2006
|
| 300 |
|
|
|a viii,370p.
|
| 500 |
|
|
|a Includes index.
|
| 650 |
|
|
|a Post colonialism
|
| 650 |
|
|
|a India
|
| 650 |
0 |
|
|a East Indians- Ethnic identity
|
| 700 |
|
|
|a Bates,Crispin
|
| 942 |
|
|
|c BK
|
| 999 |
|
|
|c 18056
|d 18056
|
| 952 |
|
|
|0 0
|1 0
|4 0
|6 954_030000000000000_BEY
|7 0
|9 18851
|a KUCL
|b KUCL
|d 2014-05-23
|l 0
|o 954.03 BEY
|p 19584
|r 2014-05-23
|y BK
|